Restructuring the Central Vigilance Commission (Record no. 481468)

000 -LEADER
fixed length control field 00464cam a22001457a 4500
008 - FIXED-LENGTH DATA ELEMENTS--GENERAL INFORMATION
fixed length control field 180718b1996 xxu||||| |||| 00| 0 eng d
082 ## - DEWEY DECIMAL CLASSIFICATION NUMBER
Classification number APPPA 95-96 NAR
100 ## - MAIN ENTRY--PERSONAL NAME
Personal name Narayanan, Madhu V.
245 ## - TITLE STATEMENT
Title Restructuring the Central Vigilance Commission
Statement of responsibility, etc. by Madhu V. Narayanan
260 ## - PUBLICATION, DISTRIBUTION, ETC.
Place of publication, distribution, etc. New Delhi
Name of publisher, distributor, etc. Indian Institute of Public Administration
Date of publication, distribution, etc. 1996
300 ## - PHYSICAL DESCRIPTION
Extent 147p.
650 ## - SUBJECT ADDED ENTRY--TOPICAL TERM
Topical term or geographic name entry element APPPA
650 ## - SUBJECT ADDED ENTRY--TOPICAL TERM
Topical term or geographic name entry element Organizations - India
650 ## - SUBJECT ADDED ENTRY--TOPICAL TERM
Topical term or geographic name entry element Vigilance committee - India
Holdings
Withdrawn status Lost status Damaged status Not for loan Permanent Location Current Location Date acquired Full call number Barcode Date last seen Price effective from Koha item type
        Indian Institute of Public Administration Indian Institute of Public Administration 2018-08-04 APPPA 95-96 NAR GR14183 2018-08-04 2018-08-04 GR

Powered by Koha